Wszystkie Planety Układu Słonecznego - Statystyki

Ogólne statystyki
  • Ten quiz został rozwiązany 172 razy
  • Średni wynik to 7 z 8
Statystyki odpowiedzi
Kolejność od Słońca Planeta % Poprawnych
3 Ziemia
99%
4 Mars
98%
5 Jowisz
95%
2 Wenus
93%
1 Merkury
91%
8 Neptun
90%
6 Saturn
90%
7 Uran
87%
Nie znaleziono quizów pasujących do podanych kryteriów
Rozkład punktacji
Procent ludzi z każdym wynikiem
Percentyl według liczby udzielonych odpowiedzi
Twoja historia wyników
Nie rozwiązałeś tego quizu